000 00286nam a22001217a 4500
008 170309b xxu||||| |||| 00| 0 eng d
041 _aeng
080 _a611
100 _a6
101 _aSHM
245 _aPHYSIOLOGY IN DISEASES OF THE HEART AND LUNGE
_cALTSCHULE, M.D
942 _2udc
_cBK
999 _c7302
_d7302